000 00996nam a22002777a 4500
001 9003
003 FISKH
005 20260424082054.0
008 251113b cb ||||| |||| 00| 0 eng d
020 _a9780462004761
040 _aFISKH
_beng
_cFISKH
_dFISKH
050 _aPZ7
082 _a633.18
100 _aLing, Judy
_eAuthor
245 _aRice /
_cWritten by Judy Ling
260 _aLondon :
_bMarshall Cavendish Limited ,
_c2008
300 _a16 pages :
_bcolor illustrations ;
_c16 x 19 cm
490 _aMy pals are here! Reading stars :
_v5e
505 _aG
520 _aRice by Judy Ling is an easy nonfiction book that explains where rice comes from, how it grows in fields, and how people around the world use it for food. With simple text and colorful pictures, it helps young readers understand the importance of rice as a staple food.
521 8 _a400
_bLexile estimate
521 8 _aG
_bRaz-Plus
650 _aMeals
_vRice
942 _2ddc
_cBK
_n0
999 _c9003
_d9003